000 00668nam a22002171c 4500
001 hubbv041098726
008 130722s2013 gw a||| 000u ger d
020 _a9783954100187
_9978-3-95410-018-7
041 _ager
100 1 _aGigerenzer, Thalia
245 0 0 _aGedächtnislabore :
_bwie Heimatmuseen in Ostdeutschland an die DDR erinnern /
_cThalia Gigerenzer. Übersetzt von Christa Krüger
264 _aBerlin :
_bBe.bra Wissenschaft,
_c2013
300 _a160 S. : Ill ; 220 mm x 175 mm
650 0 _aDeutschland <DDR>
650 0 _aAlltag
650 0 _aHeimatmuseum
650 0 _aGeschichte
942 _cMG
040 _cRU-10907106
003 RU-10907106
999 _c25547
_d25547